书目信息 |
| 题名: |
幸福就要珍惜生命
|
|
| 作者: | 张传有 | |
| 分册: | ||
| 出版信息: | 武汉 湖北人民出版社 2001 |
|
| 页数: | 151 | |
| 开本: | 20cm | |
| 丛书名: | ||
| 单 册: | ||
| 中图分类: | B0 , K503.1 | |
| 科图分类: | ||
| 主题词: | 欧洲--历史 | |
| 电子资源: | ||
| ISBN: | 7-216-03077-X | |
| 000 | 00639nam0 2200205 450 | |
| 001 | 2634429625 | |
| 005 | 20260414093428.97 | |
| 010 | @a7-216-03077-X | |
| 100 | @a20070904d km y0chiy0120 ea | |
| 101 | 0 | @achi |
| 200 | 1 | @a幸福就要珍惜生命@Axing fu jiu yao zhen xi sheng ming@e奥古斯丁论宗教与人生@f张传有@Fzhang chuan you |
| 210 | @a武汉@c湖北人民出版社@d2001 | |
| 215 | @a151@c9.80@d20cm | |
| 517 | 1 | @a奥古斯丁论宗教与人生@Aao gu si ding lun zong jiao yu ren sheng |
| 606 | 0 | @a欧洲@x历史 |
| 690 | @aB0@v3 | |
| 690 | @aK503.1@v4 | |
| 701 | 0 | @a张传有@Azhang chuan you |
| 801 | 0 | @aCN@bPFT@c20070904 |
| 905 | @a213230@dK503.1@e84@f1 | |
| 幸福就要珍惜生命:奥古斯丁论宗教与人生/张传有.-武汉:湖北人民出版社,2001 |
| 151:9.80;20cm |
| ISBN 7-216-03077-X: |
| ● |
| 相关链接 |
|
|
|
|
正题名:幸福就要珍惜生命
索取号:K503.1/84
 
预约/预借
| 序号 | 登录号 | 条形码 | 馆藏地/架位号 | 状态 | 备注 |
| 1 | 1442618 | 214426183 | 第二样本阅览室/ [索取号:K503.1/84] | 在馆 |